LEADER 01481oam 2200457 450 001 9910708217403321 005 20170717142617.0 035 $a(CKB)3460000000110642 035 $a(OCoLC)50610241 035 $a(EXLCZ)993460000000110642 100 $a20020916d2002 ua 0 101 0 $aeng 135 $aurmnu|||uuaun 181 $ctxt$2rdacontent 182 $cc$2rdamedia 183 $acr$2rdacarrier 200 10$aHomeland security $ehearings before the Committee on Appropriations, United States Senate, One Hundred Seventh Congress, second session : special hearings, April 10, 2002, Washington, DC ; April 11, 2002, Washington, DC 210 1$aWashington :$cU.S. Government Printing Office,$d2002. 215 $a1 online resource (v, 355 pages) $cillustrations 225 1 $aS. hrg. ;$v107-410 320 $aIncludes bibliographical references. 517 $aHomeland security 606 $aTerrorism$zUnited States$xPrevention 606 $aNational security$zUnited States 606 $aEmergency management$zUnited States 608 $aLegislative hearings.$2lcgft 615 0$aTerrorism$xPrevention. 615 0$aNational security 615 0$aEmergency management 801 0$bBUF 801 1$bBUF 801 2$bOCLCQ 801 2$bOCLCF 801 2$bOCLCQ 801 2$bOCLCO 801 2$bOCLCQ 801 2$bGPO 906 $aBOOK 912 $a9910708217403321 996 $aHomeland Security$91686681 997 $aUNINA LEADER 03015nam 2200745 a 450 001 9910139212403321 005 20240508004156.0 010 $a9786612685781 010 $a9781282685789 010 $a1282685783 010 $a9780470686072 010 $a0470686073 010 $a9780470686089 010 $a0470686081 035 $a(CKB)2560000000011299 035 $a(EBL)537374 035 $a(OCoLC)638860457 035 $a(SSID)ssj0000399327 035 $a(PQKBManifestationID)11316218 035 $a(PQKBTitleCode)TC0000399327 035 $a(PQKBWorkID)10374885 035 $a(PQKB)10175009 035 $a(MiAaPQ)EBC537374 035 $a(Au-PeEL)EBL537374 035 $a(CaPaEBR)ebr10392508 035 $a(CaONFJC)MIL268578 035 $a(OCoLC)458582292 035 $a(FINmELB)ELB178606 035 $a(Perlego)1014689 035 $a(EXLCZ)992560000000011299 100 $a20091019d2010 uy 0 101 0 $aeng 135 $aurcn||||||||| 181 $ctxt 182 $cc 183 $acr 200 00$aFunctional oxides /$fedited by Duncan W. Bruce, Dermot O'Hare, Richard I. Walton 205 $a1st ed. 210 $aHoboken, N.J. $cWiley$d2010 215 $a1 online resource (320 p.) 225 1 $aInorganic materials series 300 $aDescription based upon print version of record. 311 08$a9781119972945 311 08$a1119972949 311 08$a9780470997505 311 08$a0470997508 320 $aIncludes bibliographical references and index. 327 $aFunctional Oxides; Contents; Inorganic Materials Series Preface; Preface; List of Contributors; 1 Noncentrosymmetric Inorganic Oxide Materials: Synthetic Strategies and Characterisation Techniques; 2 Geometrically Frustrated Magnetic Materials; 3 Lithium Ion Conduction in Oxides; 4 Thermoelectric Oxides; 5 Transition Metal Oxides: Magnetoresistance and Half-Metallicity; Index 330 $aFunctional oxides have a wide variety of applications in the electronic industry. The discovery of new metal oxides with interesting and useful properties continues to drive much research in chemistry, physics, and materials science. In Functional Oxides five topical areas have been selected to illustrate the importance of metal oxides in modern materials chemistry: Noncentrosymmetric Inorganic Oxide Materials Geometrically Frustrated Magnetic Materials Lithium Ion Conduction in Oxides Thermoelectric Oxides Transition Metal Oxides - Magnetoresistance and Half-Metall 410 0$aInorganic materials series. 606 $aOrganic oxides 606 $aInorganic compounds 615 0$aOrganic oxides. 615 0$aInorganic compounds. 676 $a546/.7212 701 $aBruce$b Duncan W$0861136 701 $aO'Hare$b Dermot$0861137 701 $aWalton$b Richard I$0107204 801 0$bMiAaPQ 801 1$bMiAaPQ 801 2$bMiAaPQ 906 $aBOOK 912 $a9910139212403321 996 $aFunctional oxides$92022906 997 $aUNINA